Equipe en liga pendant la saison 2024-2025 - Statistiques

Statistiques générales
  • Ce quiz a été pris 133 fois
  • Le résultat moyen est 13 sur 20
Statistiques - réponses
Par ordre Alphabétique (normalement) % Correct
Real Madrid
100%
Barcelone
94%
Atlético Madrid
88%
Séville
85%
Betis
82%
Bilbao
82%
Valence
82%
Girona
68%
Real Sociedad
68%
Las Palmas
65%
Villarreal
65%
Celta Vigo
55%
Getafe
54%
Rayo
54%
Osasuna
53%
Valladolid
52%
Espanyol
51%
Majorque
50%
Leganés
43%
Deportivo
35%
Aucun quiz correspondant
Distribution des résultats
% des personnes avec chaque résultat
Percentile par nombre de réponses
Votre historique - résultats
Vous n’avez pas pris ce quiz